Tableau des médailles olympiques - Tennis de table - Statistiques

Statistiques générales
  • Ce quiz a été pris 202 fois
  • Le résultat moyen est 8 sur 12
Statistiques - réponses
Total Or Argent Bronze Pays % Correct
60 32 20 8 Chine
100%
2 0 1 1 France
100%
8 1 3 4 Japon
99%
9 0 4 5 Allemagne
91%
18 3 3 12 Corée du Sud
91%
3 1 1 1 Suède
82%
4 0 1 3 Corée du Nord
71%
3 0 1 2 Taiwan
61%
1 0 0 1 Danemark
31%
2 0 1 1 Hong Kong
31%
3 0 1 2 Singapour
24%
2 0 1 1 Yougoslavie
13%
Aucun quiz correspondant
Distribution des résultats
% des personnes avec chaque résultat
Percentile par nombre de réponses
Votre historique - résultats
Vous n’avez pas pris ce quiz